[Event "Bundesliga 2425"]
[Site "Germany"]
[Date "2025.03.24"]
[Round "12.2"]
[White "Feygin, Michael"]
[Black "Winterberg, Lukas"]
[Result "1/2-1/2"]
[WhiteElo "2454"]
[BlackElo "2414"]
[PlyCount "111"]
[EventDate "2024.09.28"]
[EventType "team-tourn"]
[EventRounds "15"]
[EventCountry "GER"]
[SourceTitle "CB13_2025"]
[SourceDate "2025.03.26"]
[SourceVersion "1"]
[SourceVersionDate "2025.03.26"]
[SourceQuality "1"]
[WhiteTeam "Muelheim Nord"]
[BlackTeam "Heimbach Weis Neuwied"]
[WhiteTeamCountry "GER"]
[BlackTeamCountry "GER"]

1. e4 d6 2. d4 Nf6 3. Nc3 e5 4. Nf3 Nbd7 5. Rg1 c6 6. g4 h6 7. h4 exd4 8. Nxd4 Ne5 9. Be2 Nfd7 10. h5 Nc5 11. Be3 g5 12. hxg6 fxg6 13. f4 Nf7 14. Qd2 Qe7 15. 0-0-0 Bd7 16. Ndb5 Na6 17. Nd4 Nc7 18. Bf3 0-0-0 19. Nb3 b6 20. a4 g5 21. a5 gxf4 22. Bxf4 Ne5 23. Be2 b5 24. Nd4 Bg7 25. Kb1 a6 26. Nf5 Bxf5 27. gxf5 Bf6 28. Qe3 c5 29. Bxh6 Nc6 30. Bg5 Bxg5 31. Qxg5 Qe5 32. f6 Qxg5 33. Rxg5 Rhf8 34. Bg4+ Kb8 35. Rg7 Ne8 36. Rd7 Nxf6 37. Rxd8+ Rxd8 38. Bf5 b4 39. Na4 Kc7 40. c3 b3 41. Rg1 Rg8 42. Rxg8 Nxg8 43. Be6 Nf6 44. Bxb3 Nxe4 45. Bd5 Nf6 46. Bxc6 Kxc6 47. c4 d5 48. cxd5+ Nxd5 49. Kc2 Kb5 50. Nc3+ Nxc3 51. Kxc3 Kxa5 52. Kc4 Kb6 53. b4 cxb4 54. Kxb4 a5+ 55. Ka4 Ka7 56. Kxa5 1/2-1/2

[Event "BEL-chT 2324"]
[Site "Belgium"]
[Date "2024.02.18"]
[Round "8.1"]
[White "Marechal, Andy"]
[Black "Feygin, Michael"]
[Result "1/2-1/2"]
[WhiteElo "2309"]
[BlackElo "2459"]
[PlyCount "55"]
[EventDate "2023.09.24"]
[EventType "team-tourn"]
[EventRounds "11"]
[EventCountry "BEL"]
[SourceTitle "EXT 2025"]
[Source "ChessBase"]
[SourceDate "2024.10.14"]
[SourceVersion "1"]
[SourceVersionDate "2024.10.14"]
[SourceQuality "1"]
[WhiteTeam "Namur"]
[BlackTeam "KSK Rochade"]
[WhiteTeamCountry "BEL"]
[BlackTeamCountry "BEL"]

1. e4 e6 2. d4 d5 3. Nd2 Nf6 4. e5 Nfd7 5. c3 c5 6. f4 Nc6 7. Ndf3 Qb6 8. a3 a5 9. b3 Be7 10. h4 Qc7 11. Ra2 Nb6 12. h5 h6 13. Kf2 Bd7 14. Be3 c4 15. bxc4 dxc4 16. Qc2 Na7 17. a4 Nd5 18. Ne2 b5 19. axb5 Nxb5 20. g4 Rb8 21. Bc1 Na7 22. Rh3 Rb3 23. Nd2 a4 24. Bg2 Nc8 25. Ne4 Ncb6 26. Kg1 Kd8 27. Rf3 Qc6 28. Ra1 1/2-1/2

[Event "BEL-chT 2324"]
[Site "Belgium"]
[Date "2024.02.04"]
[Round "7.2"]
[White "Feygin, Michael"]
[Black "Hovenga, Alje"]
[Result "1-0"]
[WhiteElo "2459"]
[BlackElo "2155"]
[PlyCount "115"]
[EventDate "2023.09.24"]
[EventType "team-tourn"]
[EventRounds "11"]
[EventCountry "BEL"]
[SourceTitle "EXT 2025"]
[Source "ChessBase"]
[SourceDate "2024.10.14"]
[SourceVersion "1"]
[SourceVersionDate "2024.10.14"]
[SourceQuality "1"]
[WhiteTeam "KSK Rochade"]
[BlackTeam "Jean Jaures Ghent"]
[WhiteTeamCountry "BEL"]
[BlackTeamCountry "BEL"]

1. e4 c6 2. d4 d5 3. exd5 cxd5 4. Bd3 Nc6 5. c3 Nf6 6. h3 e5 7. dxe5 Nxe5 8. Nf3 Nxd3+ 9. Qxd3 Bd6 10. 0-0 0-0 11. Bg5 h6 12. Bh4 g5 13. Bg3 Bxg3 14. fxg3 Ne4 15. Nd4 Qd6 16. g4 h5 17. gxh5 Ng3 18. Rf2 Nxh5 19. Ne2 g4 20. Nd2 Qh6 21. Raf1 gxh3 22. gxh3 Be6 23. Rg2+ Kh8 24. Qd4+ Kh7 25. Qd3+ Kh8 26. Qd4+ Kh7 27. Rff2 Rg8 28. Qd3+ Kh8 29. Qd4+ Kh7 30. Nf1 Rxg2+ 31. Rxg2 b6 32. Qd3+ Kh8 33. Qd4+ Qf6 34. Kh2 Rg8 35. Rxg8+ Kxg8 36. Qxf6 Nxf6 37. Nd4 Bd7 38. Ne3 Kg7 39. Kg3 Kg6 40. Ne2 Nh5+ 41. Kh4 Be6 42. a3 Ng7 43. Nf4+ Kf6 44. Nexd5+ Ke5 45. Nxe6 Nxe6 46. Ne7 f5 47. Kg3 Ke4 48. h4 Nc5 49. h5 f4+ 50. Kg4 f3 51. h6 Nd7 52. Kg3 Nf6 53. Ng8 Nh7 54. Kf2 Kf4 55. Ne7 Ng5 56. Ng6+ Kg4 57. Ne5+ Kh5 58. Nxf3 1-0

[Event "BEL-chT 2223"]
[Site "Belgium"]
[Date "2023.04.16"]
[Round "10.2"]
[White "Feygin, Michael"]
[Black "Defromont, Benjamin"]
[Result "1/2-1/2"]
[WhiteElo "2454"]
[BlackElo "2359"]
[PlyCount "86"]
[EventDate "2022.09.25"]
[EventType "team-tourn"]
[EventRounds "11"]
[EventCountry "BEL"]
[SourceTitle "EXT 2024"]
[Source "ChessBase"]
[SourceDate "2023.10.10"]
[SourceVersion "1"]
[SourceVersionDate "2023.10.10"]
[SourceQuality "1"]
[WhiteTeam "Eupen Rochade"]
[BlackTeam "Oostende"]
[WhiteTeamCountry "BEL"]
[BlackTeamCountry "BEL"]

1. d4 Nf6 2. Nf3 e6 3. e3 c5 4. Bd3 b6 5. 0-0 Be7 6. Nbd2 Bb7 7. b3 0-0 8. Bb2 cxd4 9. exd4 d6 10. c4 Nbd7 11. a4 a5 12. Re1 Re8 13. Nf1 Bf8 14. Ne3 Be4 15. Bxe4 Nxe4 16. Qc2 Nef6 17. d5 e5 18. Ba3 Nc5 19. b4 axb4 20. Bxb4 Nfd7 21. Nd2 g6 22. Bxc5 Nxc5 23. Ne4 Nxe4 24. Qxe4 f5 25. Qc2 Bg7 26. c5 bxc5 27. Nc4 Ra6 28. a5 e4 29. Rab1 Rxa5 30. Nxa5 Qxa5 31. Re3 Qa8 32. Qc4 Bd4 33. Reb3 f4 34. Rb7 e3 35. fxe3 fxe3 36. Qe2 Qa2 37. Qe1 Qa5 38. Qe2 c4 39. Rf1 Qxd5 40. h3 Qe6 41. Qf3 Bg7 42. Qf4 e2 43. Re1 Rf8 1/2-1/2

[Event "BEL-chT 2223"]
[Site "Belgium"]
[Date "2022.11.20"]
[Round "4.5"]
[White "Feygin, Michael"]
[Black "Van Baar, Esper"]
[Result "1-0"]
[WhiteElo "2454"]
[BlackElo "2217"]
[PlyCount "81"]
[EventDate "2022.09.25"]
[EventType "team-tourn"]
[EventRounds "11"]
[EventCountry "BEL"]
[SourceTitle "CBM 213 Extra"]
[Source "ChessBase"]
[SourceDate "2023.05.31"]
[SourceVersion "1"]
[SourceVersionDate "2023.05.31"]
[SourceQuality "1"]
[WhiteTeam "Eupen Rochade"]
[BlackTeam "Wachtebeke"]
[WhiteTeamCountry "BEL"]
[BlackTeamCountry "BEL"]

1. e4 c5 2. c3 Nf6 3. e5 Nd5 4. d4 cxd4 5. Nf3 d6 6. Qxd4 e6 7. Nbd2 Nc6 8. Qe4 dxe5 9. Nxe5 Nxe5 10. Qxe5 Qd6 11. Bb5+ Bd7 12. Bxd7+ Qxd7 13. Ne4 f6 14. Qh5+ Qf7 15. Qe2 a6 16. 0-0 Be7 17. Bd2 0-0 18. c4 Nb6 19. Ba5 Nd7 20. Rad1 Nc5 21. Nxc5 Bxc5 22. b4 Ba7 23. c5 Rfe8 24. Rd2 Rac8 25. Rfd1 Bb8 26. g3 e5 27. Rd7 Re7 28. Rxe7 Qxe7 29. Qg4 f5 30. Qxf5 Rf8 31. Qe4 Qf7 32. Rd2 h5 33. Kg2 h4 34. f3 h3+ 35. Kxh3 Qxf3 36. Qxf3 Rxf3 37. Rd8+ Rf8 38. Kg2 Rxd8 39. Bxd8 Kf7 40. Kf3 Ke8 41. Bb6 1-0

[Event "NED-chT 2122"]
[Site "Netherlands"]
[Date "2022.03.12"]
[Round "7.7"]
[White "Suvorov, Luca"]
[Black "Feygin, Michael"]
[Result "1/2-1/2"]
[WhiteElo "2280"]
[BlackElo "2459"]
[PlyCount "81"]
[EventDate "2021.09.18"]
[EventType "team-tourn"]
[EventRounds "9"]
[EventCountry "NED"]
[SourceTitle "EXT 2023"]
[Source "ChessBase"]
[SourceDate "2022.10.05"]
[SourceVersion "1"]
[SourceVersionDate "2022.10.05"]
[SourceQuality "1"]
[WhiteTeam "Zuid Limburg"]
[BlackTeam "En Passant"]
[WhiteTeamCountry "NED"]
[BlackTeamCountry "NED"]

1. d4 e6 2. c4 d5 3. Nc3 c6 4. e3 Nf6 5. Nf3 Nbd7 6. Qc2 Bd6 7. Bd3 dxc4 8. Bxc4 0-0 9. 0-0 b5 10. Be2 Bb7 11. e4 e5 12. dxe5 Nxe5 13. Nd4 Neg4 14. g3 Bxg3 15. hxg3 Qxd4 16. Qd1 Qxd1 17. Rxd1 a6 18. f3 Ne5 19. Be3 Rfe8 20. Rd6 Rad8 21. Rad1 Rxd6 22. Rxd6 h5 23. Bd4 Ned7 24. b4 Re7 25. Bf2 Nf8 26. a4 Rd7 27. Rxd7 N6xd7 28. f4 g6 29. e5 Ne6 30. Bf3 bxa4 31. Nxa4 h4 32. Kh2 hxg3+ 33. Kxg3 g5 34. f5 Ng7 35. Nc5 Nxf5+ 36. Kg4 Bc8 37. Nxd7 Bxd7 38. Kxg5 Ne7 39. Kf6 Nd5+ 40. Bxd5 cxd5 41. Ke7 1/2-1/2

[Event "BEL-chT 2122"]
[Site "Belgium"]
[Date "2021.10.24"]
[Round "1.3"]
[White "De Schampheleire, Glen"]
[Black "Feygin, Michael"]
[Result "1/2-1/2"]
[WhiteElo "2363"]
[BlackElo "2455"]
[PlyCount "27"]
[EventDate "2021.10.24"]
[EventType "team-tourn"]
[EventRounds "11"]
[EventCountry "BEL"]
[SourceTitle "EXT 2023"]
[Source "ChessBase"]
[SourceDate "2022.10.05"]
[SourceVersion "1"]
[SourceVersionDate "2022.10.05"]
[SourceQuality "1"]
[WhiteTeam "KBSK Brugge"]
[BlackTeam "KSK Rochade"]
[WhiteTeamCountry "BEL"]
[BlackTeamCountry "BEL"]

1. d4 e6 2. c4 Nf6 3. Nf3 c5 4. d5 b5 5. Bg5 exd5 6. cxd5 d6 7. e4 a6 8. a4 Be7 9. Bxf6 Bxf6 10. axb5 Bxb2 11. Ra2 Bf6 12. Bd3 0-0 13. 0-0 Bb7 14. Nbd2 1/2-1/2

[Event "Bundesliga 1920"]
[Site "Germany"]
[Date "2021.10.16"]
[Round "14.3"]
[White "Feygin, Michael"]
[Black "Dragnev, Valentin"]
[Result "1/2-1/2"]
[WhiteElo "2471"]
[BlackElo "2550"]
[PlyCount "116"]
[EventDate "2019.11.23"]
[EventType "team-tourn"]
[EventRounds "15"]
[EventCountry "GER"]
[SourceTitle "EXT 2022"]
[Source "ChessBase"]
[SourceDate "2021.10.06"]
[SourceVersion "1"]
[SourceVersionDate "2021.10.06"]
[SourceQuality "1"]
[WhiteTeam "Muelheim Nord"]
[BlackTeam "Bayern Muenchen"]
[WhiteTeamCountry "GER"]
[BlackTeamCountry "GER"]

1. e4 c5 2. Nf3 d6 3. d4 cxd4 4. Nxd4 Nf6 5. Nc3 a6 6. Be3 e5 7. Nb3 Be7 8. f3 Be6 9. Qd2 0-0 10. 0-0-0 Nbd7 11. g4 b5 12. g5 Nh5 13. Nd5 Bxd5 14. exd5 f6 15. gxf6 Bxf6 16. Na5 Qe8 17. Bd3 Bd8 18. Be4 Bb6 19. Bxb6 Nxb6 20. Kb1 Nf6 21. Rhg1 Nxe4 22. fxe4 Rf4 23. Rdf1 Qf7 24. Rxf4 exf4 25. Qd4 Nc4 26. Nxc4 bxc4 27. Qxc4 f3 28. Rf1 f2 29. Qe2 Rf8 30. Qxa6 Qf4 31. Qe2 Qxh2 32. a4 Qg1 33. a5 h5 34. a6 h4 35. e5 dxe5 36. d6 e4 37. d7 Rd8 38. a7 e3 39. Qc4+ Kf8 40. Qf4+ Kg8 41. Qc4+ Kf8 42. Qc5+ Kf7 43. Qf5+ Ke7 44. Qe5+ Kf7 45. Qf5+ Ke7 46. Qe5+ Kf7 47. Qe8+ Rxe8 48. dxe8Q+ Kxe8 49. a8Q+ Ke7 50. Qe4+ Kf7 51. Qf5+ Ke7 52. Qe5+ Kf7 53. Qf4+ Kg6 54. Qe4+ Kf7 55. Qc4+ Kg6 56. Qd3+ Kf6 57. Qd8+ Kf5 58. Qd3+ Ke5 1/2-1/2

[Event "BEL-chT 1920"]
[Site "Belgium"]
[Date "2020.03.08"]
[Round "9.2"]
[White "Wemmers, Xander"]
[Black "Feygin, Michael"]
[Result "0-1"]
[WhiteElo "2392"]
[BlackElo "2474"]
[PlyCount "64"]
[EventDate "2019.09.29"]
[EventType "team-tourn"]
[EventRounds "11"]
[EventCountry "BEL"]
[SourceTitle "CBM 195 Extra"]
[Source "ChessBase"]
[SourceDate "2020.05.31"]
[SourceVersion "1"]
[SourceVersionDate "2020.05.31"]
[SourceQuality "1"]
[WhiteTeam "Borgerhout"]
[BlackTeam "Eupen Rochade"]
[WhiteTeamCountry "BEL"]
[BlackTeamCountry "BEL"]

1. d4 e6 2. c4 Nf6 3. Nc3 Bb4 4. f3 c5 5. d5 0-0 6. e4 d6 7. Nge2 b5 8. Nf4 e5 9. Nfe2 Nh5 10. g4 Qh4+ 11. Kd2 f5 12. gxh5 fxe4 13. Ng3 exf3 14. cxb5 a6 15. b6 Bd7 16. Kc2 Bxc3 17. Kxc3 Bb5 18. Bxb5 axb5 19. Qd3 Ra4 20. Be3 e4 21. Qxb5 Rb4 22. Qxb4 cxb4+ 23. Kxb4 Nd7 24. Kb5 Nxb6 25. Bxb6 e3 26. Rac1 Rb8 27. Nf5 Qf6 28. Nd4 Rxb6+ 29. Kxb6 Qxd4+ 30. Ka6 e2 31. Rc8+ Kf7 32. Rhc1 e1Q 0-1

[Event "NED-chT 1920"]
[Site "Netherlands"]
[Date "2019.12.14"]
[Round "4.5"]
[White "Feygin, Michael"]
[Black "Cardon, Helmut"]
[Result "1/2-1/2"]
[WhiteElo "2474"]
[BlackElo "2394"]
[PlyCount "117"]
[EventDate "2019.09.28"]
[EventType "team-tourn"]
[EventRounds "9"]
[EventCountry "NED"]
[SourceTitle "CBM 193 Extra"]
[Source "ChessBase"]
[SourceDate "2020.01.31"]
[SourceVersion "1"]
[SourceVersionDate "2020.01.31"]
[SourceQuality "1"]
[WhiteTeam "En Passant"]
[BlackTeam "Sas van Gent"]
[WhiteTeamCountry "NED"]
[BlackTeamCountry "NED"]

1. e4 d6 2. d4 Nf6 3. Nc3 e5 4. Nf3 Nbd7 5. Bc4 Be7 6. 0-0 0-0 7. a4 c6 8. Re1 Qc7 9. b3 h6 10. Bb2 Re8 11. Bd3 Nh7 12. Ne2 Ng5 13. Ng3 Nxf3+ 14. Qxf3 exd4 15. Bxd4 Bf6 16. Bxf6 Nxf6 17. Bc4 Qa5 18. Qd1 d5 19. exd5 Rxe1+ 20. Qxe1 Qxe1+ 21. Rxe1 cxd5 22. Bd3 Bd7 23. Ne2 Re8 24. Rd1 Kf8 25. Nd4 g6 26. f3 Ke7 27. a5 Kd6 28. Kf2 Re7 29. b4 Kc7 30. c3 Ba4 31. Rd2 Bd7 32. Bb1 a6 33. Ba2 Be8 34. Nc2 Bc6 35. Ne3 Rd7 36. Rd4 Rd6 37. g4 Kd7 38. h4 Ke6 39. g5 hxg5 40. hxg5 Ne8 41. f4 f6 42. Bb1 Kf7 43. Ba2 Ke6 44. Rd1 fxg5 45. fxg5 Ke5 46. Kg3 Ng7 47. Ng4+ Kf5 48. Nh6+ Ke6 49. Bb1 Be8 50. Bc2 Rc6 51. Rd3 Rc4 52. Kf2 Bc6 53. Ke2 Nf5 54. Nxf5 Kxf5 55. Rxd5+ Kf4 56. Rd6 Rxc3 57. Kd2 Rg3 58. Rf6+ Ke5 59. Bd3 1/2-1/2

[Event "Bundesliga 1920"]
[Site "Germany"]
[Date "2019.11.24"]
[Round "2.8"]
[White "Edouard, Romain"]
[Black "Feygin, Michael"]
[Result "1-0"]
[WhiteElo "2635"]
[BlackElo "2471"]
[PlyCount "125"]
[EventDate "2019.11.23"]
[EventType "team-tourn"]
[EventRounds "15"]
[EventCountry "GER"]
[SourceTitle "CBM 193 Extra"]
[Source "ChessBase"]
[SourceDate "2020.01.31"]
[SourceVersion "1"]
[SourceVersionDate "2020.01.31"]
[SourceQuality "1"]
[WhiteTeam "Werder Bremen"]
[BlackTeam "Muelheim Nord"]
[WhiteTeamCountry "GER"]
[BlackTeamCountry "GER"]

1. c4 e6 2. d4 Nf6 3. Nc3 Bb4 4. Nf3 d6 5. Qc2 Nbd7 6. g3 b6 7. Bg2 Bb7 8. 0-0 0-0 9. a3 Bxc3 10. Qxc3 a5 11. b4 axb4 12. axb4 Ne4 13. Qb2 Rxa1 14. Qxa1 Qa8 15. Qb2 Qa6 16. b5 Qa4 17. Ng5 Ndf6 18. f3 Nxg5 19. Bxg5 Ra8 20. Rc1 Nd7 21. e4 h6 22. Be3 Qa3 23. Qxa3 Rxa3 24. Bf2 f5 25. Bh3 g6 26. c5 bxc5 27. dxc5 dxc5 28. Bxc5 Nxc5 29. Rxc5 Rb3 30. exf5 gxf5 31. f4 Be4 32. Bf1 Rb1 33. Kf2 Rb2+ 34. Ke3 Kf7 35. Rxc7+ Kf6 36. Be2 Bd5 37. h4 e5 38. Rc5 exf4+ 39. gxf4 Be4 40. Rc7 Ke6 41. Rh7 Kd5 42. Rxh6 Rb3+ 43. Kf2 Rh3 44. Rh7 Kd4 45. Rd7+ Kc3 46. Bd1 Rxh4 47. Kg3 Rh6 48. Bf3 Bd3 49. Bc6 Kd2 50. Re7 Rg6+ 51. Kf3 Rh6 52. Re8 Rh3+ 53. Kf2 Rh4 54. Kf3 Rh3+ 55. Kg2 Rh7 56. b6 Ba6 57. Re5 Bb7 58. Bxb7 Rxb7 59. Rxf5 Rxb6 60. Kf3 Kd3 61. Rd5+ Kc4 62. Rd1 Rb8 63. f5 1-0

[Event "Bundesliga 1819"]
[Site "Germany"]
[Date "2019.03.09"]
[Round "12.8"]
[White "Perske, Thore"]
[Black "Feygin, Michael"]
[Result "1-0"]
[WhiteElo "2448"]
[BlackElo "2503"]
[PlyCount "99"]
[EventDate "2018.11.10"]
[EventType "team-tourn"]
[EventRounds "15"]
[EventCountry "GER"]
[SourceTitle "CBM 189 Extra"]
[Source "ChessBase"]
[SourceDate "2019.05.31"]
[SourceVersion "1"]
[SourceVersionDate "2019.05.31"]
[SourceQuality "1"]
[WhiteTeam "Hofheim"]
[BlackTeam "Muelheim Nord"]
[WhiteTeamCountry "GER"]
[BlackTeamCountry "GER"]

1. e4 e6 2. d4 d5 3. Nd2 Nf6 4. e5 Nfd7 5. c3 c5 6. f4 Nc6 7. Ndf3 Qb6 8. a3 a5 9. b3 Be7 10. h4 f6 11. Bd3 Qc7 12. Ne2 Rb8 13. Qc2 Nf8 14. Be3 b6 15. h5 a4 16. h6 g6 17. Bb5 axb3 18. Qxb3 Bd7 19. exf6 Bxf6 20. Ne5 Na5 21. Qa4 Bxb5 22. Qxb5+ Nd7 23. 0-0 Bxe5 24. fxe5 Qc6 25. a4 Rc8 26. dxc5 Nc4 27. Qxc6 Rxc6 28. Nd4 Nxe3 29. Nxc6 Nxf1 30. cxb6 Nxb6 31. Rb1 Ne3 32. Rxb6 Kd7 33. Nd4 Rf8 34. Rb7+ Kc8 35. Rxh7 Rf1+ 36. Kh2 Ng4+ 37. Kg3 Nxe5 38. Nxe6 Nf7 39. Nf4 Ng5 40. Rh8+ Kd7 41. Nxg6 Rh1 42. h7 Rh6 43. Kg4 Nf7 44. Rg8 Rxh7 45. Nf8+ Kc7 46. Nxh7 Nh6+ 47. Kf4 Nxg8 48. Ke5 Ne7 49. Ke6 Nc8 50. Nf6 1-0

[Event "Bundesliga 1819"]
[Site "Germany"]
[Date "2018.12.16"]
[Round "6.4"]
[White "Feygin, Michael"]
[Black "Bartel, Mateusz"]
[Result "0-1"]
[WhiteElo "2503"]
[BlackElo "2600"]
[PlyCount "74"]
[EventDate "2018.11.10"]
[EventType "team-tourn"]
[EventRounds "15"]
[EventCountry "GER"]
[SourceTitle "CBM 187 Extra"]
[Source "ChessBase"]
[SourceDate "2018.11.04"]
[SourceVersion "1"]
[SourceVersionDate "2018.11.04"]
[SourceQuality "1"]
[WhiteTeam "Muelheim Nord"]
[BlackTeam "Dresden TU"]
[WhiteTeamCountry "GER"]
[BlackTeamCountry "GER"]

1. d4 Nf6 2. Nc3 d5 3. Bg5 Bf5 4. f3 Bg6 5. Nh3 c6 6. Qd2 Nbd7 7. 0-0-0 h6 8. Bh4 e6 9. Nf4 Bh7 10. Nh5 Ne4 11. Bxd8 Nxd2 12. Bh4 Nxf1 13. Rhxf1 g5 14. Be1 Bg6 15. Ng3 f5 16. e4 dxe4 17. fxe4 f4 18. Nge2 Nf6 19. g3 Ng4 20. Rd3 f3 21. Rfxf3 Nxh2 22. Rf6 Bf7 23. Rf2 Ng4 24. Rf1 Bg6 25. Rh1 Bg7 26. Ng1 0-0-0 27. Nf3 Rhf8 28. Kd2 c5 29. Nh2 Nxh2 30. Rxh2 cxd4 31. Ne2 Bxe4 32. Ra3 a6 33. Rf2 Rxf2 34. Bxf2 Bf8 35. Ra4 e5 36. g4 Bc6 37. Rc4 Kd7 0-1

[Event "BEL-chT 1819"]
[Site "Belgium"]
[Date "2018.11.18"]
[Round "4.2"]
[White "Feygin, Michael"]
[Black "Lopez, Jasel"]
[Result "0-1"]
[WhiteElo "2495"]
[BlackElo "2366"]
[PlyCount "72"]
[EventDate "2018.09.30"]
[EventType "team-tourn"]
[EventRounds "11"]
[EventCountry "BEL"]
[SourceTitle "CBM 187 Extra"]
[Source "ChessBase"]
[SourceDate "2018.11.04"]
[SourceVersion "1"]
[SourceVersionDate "2018.11.04"]
[SourceQuality "1"]
[WhiteTeam "KSK Rochade"]
[BlackTeam "Jean Jaures"]
[WhiteTeamCountry "BEL"]
[BlackTeamCountry "BEL"]

1. e4 e6 2. d4 d5 3. Nc3 Bb4 4. e5 c5 5. Bd2 Ne7 6. Nb5 Bxd2+ 7. Qxd2 0-0 8. c3 Nbc6 9. f4 cxd4 10. cxd4 Nf5 11. Nf3 a6 12. Nc3 f6 13. 0-0-0 fxe5 14. fxe5 Bd7 15. h4 b5 16. Rh3 Qa5 17. Kb1 b4 18. Ne2 b3 19. Qxa5 Nxa5 20. Nc3 Ne3 21. Re1 Nxf1 22. Rxf1 Bb5 23. Rd1 bxa2+ 24. Kxa2 Bc4+ 25. Kb1 Rab8 26. Rhh1 Rb4 27. Rhe1 Rfb8 28. Rd2 Nb3 29. Rdd1 a5 30. Kc2 a4 31. Rb1 Bb5 32. Re3 Be8 33. Rf1 Bg6+ 34. Kd1 Nxd4 35. Nxd4 Rxd4+ 36. Kc1 Rc4 0-1

[Event "Bundesliga 1718"]
[Site "Germany"]
[Date "2018.03.11"]
[Round "12.4"]
[White "Feygin, Michael"]
[Black "Nemeth, Miklos"]
[Result "1/2-1/2"]
[WhiteElo "2489"]
[BlackElo "2489"]
[PlyCount "42"]
[EventDate "2017.10.21"]
[EventType "team-tourn"]
[EventRounds "15"]
[EventCountry "GER"]
[SourceTitle "CBM 184"]
[Source "ChessBase"]
[SourceDate "2018.05.16"]
[SourceVersion "1"]
[SourceVersionDate "2018.05.16"]
[SourceQuality "1"]
[WhiteTeam "Muelheim"]
[BlackTeam "Speyer Schwegenheim"]
[WhiteTeamCountry "GER"]
[BlackTeamCountry "GER"]

1. e4 e5 2. Nf3 Nc6 3. Bb5 a6 4. Bxc6 dxc6 5. 0-0 Bg4 6. h3 h5 7. d3 Qf6 8. Be3 Bxf3 9. Qxf3 Qxf3 10. gxf3 Bd6 11. Kg2 Ne7 12. Rg1 f6 13. c4 Ng6 14. Kf1 Kf7 15. Nd2 c5 16. Nb3 b6 17. Rd1 Nf8 18. Nc1 Ne6 19. Ne2 Rad8 20. Ke1 Rd7 21. Kd2 Rhd8 1/2-1/2

[Event "BEL-chT 1718"]
[Site "Belgium"]
[Date "2017.09.24"]
[Round "1.2"]
[White "Feygin, Michael"]
[Black "Admiraal, Miguoel"]
[Result "1/2-1/2"]
[WhiteElo "2490"]
[BlackElo "2448"]
[PlyCount "25"]
[EventDate "2017.09.24"]
[EventType "team-tourn"]
[EventRounds "11"]
[EventCountry "BEL"]
[SourceTitle "EXT 2018"]
[Source "ChessBase"]
[SourceDate "2017.10.13"]
[SourceVersion "1"]
[SourceVersionDate "2017.10.13"]
[SourceQuality "1"]
[WhiteTeam "KSK Rochade"]
[BlackTeam "Wachtebeke"]
[WhiteTeamCountry "BEL"]
[BlackTeamCountry "BEL"]

1. d4 d5 2. Nf3 Nf6 3. Bf4 c5 4. e3 Nc6 5. c3 Qb6 6. Qc2 g6 7. Nbd2 Bg7 8. h3 0-0 9. Be2 Nd7 10. 0-0 e5 11. dxe5 Ndxe5 12. Qb3 Bf5 13. Nxe5 1/2-1/2

[Event "BEL-chT 1617"]
[Site "Belgium"]
[Date "2017.02.12"]
[Round "7.3"]
[White "Libiszewski, Fabien"]
[Black "Feygin, Michael"]
[Result "1/2-1/2"]
[WhiteElo "2543"]
[BlackElo "2468"]
[PlyCount "91"]
[EventDate "2016.10.02"]
[EventType "team-tourn"]
[EventRounds "11"]
[EventCountry "BEL"]
[SourceTitle "EXT 2018"]
[Source "ChessBase"]
[SourceDate "2017.10.13"]
[SourceVersion "1"]
[SourceVersionDate "2017.10.13"]
[SourceQuality "1"]
[WhiteTeam "KGSRL"]
[BlackTeam "KSK Rochade"]
[WhiteTeamCountry "BEL"]
[BlackTeamCountry "BEL"]

1. e4 e6 2. d4 d5 3. Nc3 Nf6 4. Bg5 Bb4 5. e5 h6 6. Bc1 Ne4 7. Qg4 Kf8 8. Nge2 c5 9. a3 Ba5 10. dxc5 Nd7 11. b4 Nxe5 12. Qh5 Bc7 13. Nxe4 dxe4 14. Bb2 Qg5 15. Qxg5 hxg5 16. Nc3 e3 17. 0-0-0 Ng4 18. Nb5 Rxh2 19. Be2 Bf4 20. g3 Rxf2 21. gxf4 Rxe2 22. Nc7 e5 23. Rh8+ Ke7 24. Re8+ Kf6 25. Bxe5+ Kg6 26. Nxa8 Bf5 27. Rd3 Bxd3 28. cxd3 Kf5 29. b5 gxf4 30. Bxf4 Kxf4 31. c6 bxc6 32. bxc6 Nf2 33. Rd8 Ra2 34. Kb1 Rxa3 35. c7 Rc3 36. c8Q Rxc8 37. Rxc8 Nxd3 38. Re8 Kf3 39. Kc2 Nb4+ 40. Kd1 Nd5 41. Re5 Nf4 42. Nc7 a6 43. Nd5 e2+ 44. Kd2 e1Q+ 45. Rxe1 Nxd5 46. Rf1+ 1/2-1/2

[Event "Bundesliga 1617"]
[Site "Germany"]
[Date "2016.12.03"]
[Round "5.5"]
[White "Lindgren, Philip"]
[Black "Feygin, Michael"]
[Result "0-1"]
[WhiteElo "2420"]
[BlackElo "2468"]
[PlyCount "88"]
[EventDate "2016.10.15"]
[EventType "team-tourn"]
[EventRounds "15"]
[EventCountry "GER"]
[SourceTitle "CBM 176"]
[Source "ChessBase"]
[SourceDate "2017.01.17"]
[SourceVersion "1"]
[SourceVersionDate "2017.01.17"]
[SourceQuality "1"]
[WhiteTeam "Bayern Muenchen"]
[BlackTeam "Muelheim"]
[WhiteTeamCountry "GER"]
[BlackTeamCountry "GER"]

1. d4 e6 2. c4 Nf6 3. Nf3 c5 4. d5 exd5 5. cxd5 d6 6. Nc3 g6 7. Bf4 a6 8. Nd2 Nh5 9. Qa4+ Qd7 10. Qe4+ Kd8 11. Nc4 Kc7 12. Bd2 b5 13. Na5 Bg7 14. b4 Re8 15. Qc2 Qf5 16. Qxf5 Bxf5 17. Rc1 Nd7 18. f3 Ne5 19. e4 Bd7 20. Be2 f5 21. f4 Ng4 22. bxc5 fxe4 23. cxd6+ Kb6 24. Bxg4 Bxg4 25. Na4+ bxa4 26. Rc6+ Kb5 27. 0-0 a3 28. Rb1+ Bb2 29. Nc4 Reb8 30. Nxa3+ Ka4 31. Nc2 Bd4+ 32. Nxd4 Rxb1+ 33. Kf2 Rb2 34. Rc4+ Ka3 35. Nc2+ Kxa2 36. Bc1 Kb3 37. Rb4+ Kxc2 38. Bxb2 Nxf4 39. Rxe4 Kxb2 40. Rxf4 Bd7 41. Rb4+ Kc3 42. Rb7 Rd8 43. Ke3 Bb5 44. Rb6 Kc4 0-1